LEADER 01404nam a2200277 4500 001 000000338696 003 CaOOAMICUS 005 20191224150718.0 008 191224s1788 it 000 u ita r 026 $aM.e- e.de 2.ul pore (3) 1788 (R) 040 $aSeMil$bita 100 11$aFeller, François-Xavier : de,$d<1735-1802>.$0(OLS)http://semarc/name/13136 240 10$aCoup d'oeil sur le Congrès d'Ems.$0(OLS)http://semarc/title/427494 245 00$aColpo d'occhio sul congresso di Ems. Traduzione dal francese arricchito di note e di un'appendice di monumenti. 264 1$aAletopoli :$b[s.n.],$c1788. 300 $a[4], 228 p. ;$c4° 500 $aLuogo di stampa immaginario, cfr. Parenti 1788 500 $aPer l'attribuzione al gesuita F.-X. Feller e il traduttore A. Mondelli, cfr. Melzi, v. I, p. 221 500 $aSegn.: pg2 A-2E4 2F2 650 4$aDiritto canonico.$0(OLS)http://semarc/subject/207 700 1 $aMondelli, Francesco Antonio,$d<1756-1825>,$etraduttore.$0(OLS)http://semarc/name/110700 850 $aSeMil 852 $aSeMil$W1$xVenegono$y1$m3X V 60 FA$j217683$B229854$CSeMilBibl$Z2$F229854 $8I 996 $6245$aColpo d'occhio sul congresso di Ems. Traduzione dal francese arricchito di note e di un'appendice di monumenti$9(OLS)http://semarc/title/427493 996 $6264$aAletopoli :$b[s.n.]$9(OLS)http://semarc/publisher/58768 LEADER 01045nam a2200265 i 4500 001 000000057256 003 CaOOAMICUS 005 20230912165536.0 008 080320s1984 it u000 u ita u 013 $a28428 040 $aSeMil$bita 100 1 $aPerego, Piero .$0(OLS)http://semarc/name/29035 245 10$aPortaluppi /$cdon Piero Perego. 260 $aTreviglio :$bCassa Rurale ed Artigiana,$ccopyr. 1984. 300 $aIII, 258 p. :$bill. ;$c33 cm. 500 $aContiene : [8] Appendici. - Fondo card. Giovanni Colombo. 650 4$aPortaluppi, Ambrogio .$0(OLS)http://semarc/subject/11544 650 4$aTreviglio.$0(OLS)http://semarc/subject/6952 850 $aSeMil 852 $aSeMil$W1$xVenegono$y1$m3J VI 248 °$j23410$B23410$CSeMilBibl$Z2$F23412 $81 941 1 $a3 961 $aLascito: Colombo Card. Giovanni 996 $6245$aPortaluppi$9(OLS)http://semarc/title/89081 996 $6260$aTreviglio :$bCassa Rurale ed Artigiana$9(OLS)http://semarc/publisher/39825